| 000 | 00520nam a22001817a 4500 | ||
|---|---|---|---|
| 005 | 20250604142857.0 | ||
| 010 | _aENG-145195 | ||
| 020 |
_a9789390951949 _c350.00 |
||
| 035 | _aEN-128727 | ||
| 037 | _bDBAD | ||
| 082 | _a804 | ||
| 100 |
_aGhosh, Sukhamoy _981653 |
||
| 245 |
_aCollected Essays/ _cSukhamoy Ghosh |
||
| 260 |
_aNew Delhi _bAllied Publishers Pvt Ltd. _c2023 |
||
| 270 |
_aA-104, Mayapuri, Phase-II _bNew Delhi _e110064 |
||
| 300 |
_avi, 120p. _c24cm.(hb) |
||
| 942 |
_2ddc _cEN _h804 _mGHO |
||
| 999 |
_c211580 _d211580 |
||